=LDR 00000nam 2200000 4500 =001 INLIS000000000809702 =008 ###################################ind## =035 ##$$a 0010-0825000195 =245 ##$$a Metode Arithmetic / $c Muhammad Jafar =260 ##$$b wiyata karya =020 ##$$a 19799415765 =084 ##$$a 582 FAR m =082 ##$$a 582?